|
|
|
|
| LEADER |
00000nam a2200000Ia 4500 |
| 008 |
180302b2005 cl ||||| |||| 00| | spa d |
| 999 |
|
|
|c 1587
|d 1587
|
| 090 |
|
|
|a 06.02.03
|b 1232
|
| 100 |
1 |
|
|a Kaufman, Robert R.
|9 3437
|
| 245 |
1 |
0 |
|a Políticas de Reforma Educativa comparación entre países /
|c Robert R. Kaufman y Joan M. Nelson
|
| 260 |
|
|
|a Chile :
|b PREAL,
|c 2005
|
| 300 |
|
|
|a 26 páginas
|
| 490 |
|
|
|a Documentos,
|v 33
|
| 650 |
1 |
4 |
|a REFORMA DE LA EDUCACIÓN
|9 7
|
| 650 |
1 |
4 |
|a POLÍTICA EDUCATIVA
|9 451
|
| 650 |
1 |
4 |
|a DATOS ESTADÍSTICOS
|9 452
|
| 700 |
1 |
|
|a Nelson, Joan M.
|9 3438
|
| 942 |
|
|
|i 001947
|h 06.02.03 1232
|2 z
|c 01
|